Care of People with Diabetes : (Record no. 13564)
[ view plain ]
| 000 -LEADER | |
|---|---|
| fixed length control field | 02285cam a22003134a 4500 |
| 001 - CONTROL NUMBER | |
| control field | 15504377 |
| 005 - DATE AND TIME OF LATEST TRANSACTION | |
| control field | 20090821151734.0 |
| 008 - FIXED-LENGTH DATA ELEMENTS--GENERAL INFORMATION | |
| fixed length control field | 081028s2009 enka |rbf 001 0 eng |
| 010 ## - LIBRARY OF CONGRESS CONTROL NUMBER | |
| LC control number | 2008047437 |
| 016 7# - NATIONAL BIBLIOGRAPHIC AGENCY CONTROL NUMBER | |
| Record control number | 101487802 |
| Source | DNLM |
| 020 ## - INTERNATIONAL STANDARD BOOK NUMBER | |
| International Standard Book Number | 9781405101110 (pbk. : alk. paper) |
| 035 ## - SYSTEM CONTROL NUMBER | |
| System control number | (OCoLC)ocn265658252 |
| 040 ## - CATALOGING SOURCE | |
| Original cataloging agency | DNLM/DLC |
| Transcribing agency | DLC |
| Modifying agency | BTCTA |
| -- | BAKER |
| -- | YDXCP |
| -- | NLM |
| -- | BWKUK |
| -- | CDX |
| -- | DLC |
| 042 ## - AUTHENTICATION CODE | |
| Authentication code | pcc |
| 050 00 - LIBRARY OF CONGRESS CALL NUMBER | |
| Classification number | RC660 |
| Item number | .D785 2009 |
| 082 00 - DEWEY DECIMAL CLASSIFICATION NUMBER | |
| Classification number | 616.4620231 |
| Edition number | 22 |
| Item number | DUN |
| 100 1# - MAIN ENTRY--PERSONAL NAME | |
| Personal name | Dunning, Trisha. |
| 9 (RLIN) | 12149 |
| 245 10 - TITLE STATEMENT | |
| Title | Care of People with Diabetes : |
| Remainder of title | A Manual of Nursing Practice / |
| Statement of responsibility, etc | Trisha Dunning. |
| 250 ## - EDITION STATEMENT | |
| Edition statement | 3rd ed. |
| 260 ## - PUBLICATION, DISTRIBUTION, ETC. (IMPRINT) | |
| Place of publication, distribution, etc | Chichester, U.K. ; |
| -- | Ames, Iowa : |
| Name of publisher, distributor, etc | Wiley-Blackwell Pub., 2009 |
| Date of publication, distribution, etc | 2009. |
| 300 ## - PHYSICAL DESCRIPTION | |
| Extent | xxvi, 530 p. : |
| Other physical details | ill. ; |
| Dimensions | 25 cm. |
| 504 ## - BIBLIOGRAPHY, ETC. NOTE | |
| Bibliography, etc | Includes bibliographical references (p. [514]-516) and index. |
| 505 0# - FORMATTED CONTENTS NOTE | |
| Formatted contents note | Diagnosing and classifying diabetes -- Assessment and nursing diagnosis -- Monitoring diabetes mellitus -- Nutritional aspects of caring for people with diabetes -- Medication commonly used in diabetes management -- Hypoglycaemia -- Hyperglycaemia, diabetic ketoacidosis (DKA), hyperosmolar coma and lactic acidosis -- Long term complications of diabetes -- Management during surgical and investigative procedures -- Special situations and unusual conditions related to diabetes -- Diabetes and sexual health -- Diabetes in the older person -- Diabetes in children and adolescents -- Women, pregnancy, and gestational diabetes -- Psychological and quality of life issues related to having diabetes -- Diabetes education -- Discharge planning -- Community and primary care nursing and home-based care -- Complementary therapies and diabetes -- Managing diabetes in the emergency situations. |
| 650 #0 - SUBJECT ADDED ENTRY--TOPICAL TERM | |
| Topical term or geographic name as entry element | Diabetes |
| General subdivision | Nursing |
| Form subdivision | Handbooks, manuals, etc. |
| 9 (RLIN) | 12150 |
| 650 12 - SUBJECT ADDED ENTRY--TOPICAL TERM | |
| Topical term or geographic name as entry element | Diabetes Mellitus |
| General subdivision | nursing |
| Form subdivision | Handbooks. |
| 9 (RLIN) | 12151 |
| 942 ## - ADDED ENTRY ELEMENTS (KOHA) | |
| Source of classification or shelving scheme | Dewey Decimal Classification |
| Item type | |
| Withdrawn status | Item status | Source of classification or shelving scheme | Damaged status | Not for loan | Vendor | Home library | Current library | Shelving location | Date acquired | Cost, normal purchase price | Serial Enumeration / chronology | Total Checkouts | Total Renewals | Full call number | Barcode | Date last seen | Date last borrowed | Koha item type |
|---|---|---|---|---|---|---|---|---|---|---|---|---|---|---|---|---|---|---|
| Dewey Decimal Classification | Academic Bookshop | Central Library | Central Library | First floor | 03/03/2010 | 270.00 | 3698 | 20 | 71 | 616.4620231 DUN | 000020043 | 15/07/2025 | 19/02/2015 | Book - Borrowing |